000 01476njm a2200349Ia 4500
001 38672
003 IT-RoPAU
005 20220918181121.0
008 131025s9999 xx 000 0 und d
040 _aIT-RoPAU
040 _cIT-RoPAU
999 _c99794
_d99794
999 _bn.d.
100 _aAA.VV.
_9794
100 _eAutore musica
_920176
100 _gCodice autore musica SPICS: 12000
_9796
245 _aTutu
250 _a1a ed.
260 _aUSA
260 _bWARNER BROS RECORDS
_c1986 [1a Ed.:1986 - Ed. Lingua Orig.: 1986]
300 _aDISCO
300 _c44 minuti (Testo: pag.)
500 _aMusica jazz
505 _aBackyard Ritual (5:00) - Perfect Way (5:00) - Don't Lose Your Mind (6:00) - Full Nelson (6:00) - Tutu (6:00) - Tomaas (6:00) - Portia (7:00) - Splatch (5:00)
650 _aJAZZ [DISCHI]
_eCodice MATERIA SPICS: 9950
_920177
700 _aDavis Miles
_gCodice interprete SPICS: 10734
_eInterprete
_920178
700 _aDuke George
_gCodice autore musica SPICS: 28494
_eAutore musica
_pBackyard Ritual
_920179
700 _aGreen
_gCodice autore musica SPICS: 28242
_eAutore musica
_pPerfect Way
_920180
700 _aGamson David
_gCodice autore SPICS: 21703
_eAutore
_pPerfect Way
_920181
700 _aMiller Marcus
_gCodice autore musica SPICS: 23708
_eAutore musica
_pDon't Lose Your Mind - Full Nelson - Tutu - Tomaas - Portia - Splatch
_920182
700 _aDavis Miles
_gCodice autore musica SPICS: 10734
_eAutore musica
_pTomaas
_920183
942 _cMD
_2ddc